Estatísticas para Albuns Musicais de 1988

Clique aqui para jogar o quiz

Estatísticas Gerais

  • Esse quiz foi jogado 8 vezes
  • A pontuação média é 8 de 35

Estatísticas das Respostas

AlbumArtista% Correto
G N' R LiesGuns N' Roses
100%
...And Justice For AllMetallica
86%
Seventh Son of a Seventh SonIron Maiden
71%
New JerseyBon Jovi
57%
OU812Van Halen
57%
DanzigDanzig
43%
UB40UB40
43%
Ram it DownJudas Priest
29%
So Far, So Good...So What!Megadeth
29%
South Of HeavenSlayer
29%
Rattle And HumU2
29%
WingerWinger
29%
State of EuphoriaAnthrax
14%
Long Cold WinterCinderella
14%
LeprosyDeath
14%
Release From AgonyDestruction
14%
Keeper Of The Seven Keys, Pt. 2Helloween
14%
No Rest For The WickedOzzy Osbourne
14%
Power MetalPantera
14%
IntrospectivePet Shop Boys
14%
Operation: MindcrimeQueensrÿche
14%
GreenR.E.M
14%
Hold Me In Your ArmsRick Astley
14%
Savage AmusementScorpions
14%
Rock & Roll Strategy.38 Special
0%
LitaLita Ford
0%
Kings of MetalManowar
0%
Let's Get It StartedMC Hammer
0%
Open Up And Say...Ahh!Poison
0%
Reach for the SkyRatt
0%
Now And ZenRobert Plant
0%
Out Of OrderRod Stewart
0%
Port RoyalRunning Wild
0%
The Morning AfterTankard
0%
The New OrderTestament
0%

Distribuição das Pontuações

Percentil de Números Respondidos

Porcentagem de Pessoas com Cada Pontuação

Sua Pontuação Histórica

Você não jogou esse quiz